000 00313nam a22001337a 4500
008 181008b xxu||||| |||| 00| 0 eng d
020 _a9780023368813
041 _aeng
080 _a621
100 _a27
101 _aMAK
245 _aManufacturing Processes For Technology
_cWilliam .O,F
942 _2udc
_cBK
999 _c49016
_d49016